LEADER 01109nam1 2200373 450 001 990000334210203316 035 $a0033421 035 $aUSA010033421 035 $a(ALEPH)000033421USA01 035 $a0033421 100 $a20010205d2000----km-y0itay0103----ba 101 $ager 102 $aDEU 105 $a||||||||001yy 200 1 $aStrafrecht besonderer Teil$fbegründet von Johannes Wessels$gfortgeführt von Michael Hettinger 210 $aHeidelberg$cMüller$d2000- 215 $a2 v.$d24 cm 606 0 $aDiritto penale$yGermania 676 $a345.43 702 1$aWESSELS,$bJohannes 702 1$aHETTINGER,$bMichael 801 0$aIT$bsalbc$gISBD 912 $a990000334210203316 951 $aIG XI 673/$bG.$cIG XI 959 $aBK 969 $aGIU 979 $aTAMI$b40$c20010205$lUSA01$h1250 979 $aTAMI$b40$c20010205$lUSA01$h1307 979 $aTAMI$b40$c20010205$lUSA01$h1309 979 $aTAMI$b40$c20010205$lUSA01$h1310 979 $c20020403$lUSA01$h1641 979 $aPATRY$b90$c20040406$lUSA01$h1623 996 $aStrafrecht besonderer Teil$9878129 997 $aUNISA LEADER 01731nam 2200529 450 001 9910713425503321 005 20200505094235.0 035 $a(CKB)5470000002501401 035 $a(OCoLC)1152882692 035 $a(EXLCZ)995470000002501401 100 $a20200501d1989 ua 0 101 0 $aeng 135 $aur||||||||||| 181 $ctxt$2rdacontent 182 $cc$2rdamedia 183 $acr$2rdacarrier 200 10$aChina's one child policy $erecent developments /$fprepared by Tao-tai Hsia and Constance A. Johnson 210 1$a[Washington, D.C.] :$cFar Eastern Law Division, Law Library, Library of Congress,$d1989. 215 $a1 online resource (7 pages) 300 $aTypescript. 300 $a"February 1989"--Page 7. 320 $aIncludes bibliographical references. 517 $aChina's one child policy 606 $aFamily size$xGovernment policy$zChina 606 $aFamily planning$xGovernment policy$zChina 606 $aSex preselection 606 $aSex ratio$zChina 606 $aReproductive rights$zChina 606 $aHuman rights$zChina 606 $aWomen's rights$zChina 607 $aChina$xPopulation policy 615 0$aFamily size$xGovernment policy 615 0$aFamily planning$xGovernment policy 615 0$aSex preselection. 615 0$aSex ratio 615 0$aReproductive rights 615 0$aHuman rights 615 0$aWomen's rights 700 $aHsia$b Tao-tai$f1921-2020,$01374086 702 $aJohnson$b Constance A. 712 02$aLibrary of Congress.$bFar Eastern Law Division, 801 0$bDLC 801 1$bGPO 906 $aBOOK 912 $a9910713425503321 996 $aChina's one child policy$93455702 997 $aUNINA